000 01252cam a2200325 a 4500
999 _c7338
_d7338
001 2577636
003 OSt
005 20211006123146.0
008 960423s1997 enka b 001 0 eng
010 _a 96002861
020 _a0521580285 (hc)
020 _a0521589770 (pbk.)
040 _aDLC
_cDDC
_dDLC
050 0 0 _aQL496
_b.E95 1997
082 0 0 _a575.7.EVO 1997
100 _aChoe,Jae C.; Crespi,Bernard J.;
_915036
245 0 4 _aThe evolution of social behavior in insects and arachnids.
_cEdited by Choe,Jae C.; and Crespi,Bernard J.;
246 3 0 _aSocial behavior in insects and arachnids
260 _aNew York :
_bCambridge University Press,
_c1997.
300 _axii,541p;
_bill;
_c26cm.
504 _aIncludes; bibliographical references and index.
650 0 _aBiology
_95602
700 1 _aChoe, Jae C.
_915037
700 1 _aCrespi, Bernard J.
_915038
856 4 2 _3Publisher description
_uhttp://www.loc.gov/catdir/description/cam027/96002861.html
856 4 1 _3Table of contents
_uhttp://www.loc.gov/catdir/toc/cam025/96002861.html
906 _a7
_bcbc
_corignew
_d1
_eocip
_f19
_gy-gencatlg
942 _2ddc
_cO_SHELF